Pelayaran Inderaputera II : antologi drama panjang pemenang peraduan DBP 1978
| Format: | Book |
|---|---|
| Published: |
Kuala Lumpur :
Dewan Bahasa dan Pustaka ,
1981
|
| Subjects: |
MARC
| LEADER | 00000cam a2200000 7i4500 | ||
|---|---|---|---|
| 001 | 0000008594 | ||
| 005 | 20070623093000.0 | ||
| 008 | 021119s1981 | ||
| 090 | 0 | 0 | |a PL5137 |b .P44 |
| 245 | 0 | 0 | |a Pelayaran Inderaputera II : |b antologi drama panjang pemenang peraduan DBP 1978 |
| 260 | 2 | |a Kuala Lumpur : |b Dewan Bahasa dan Pustaka , |c 1981 | |
| 300 | |a 250 ms. ; ; |c 18 sm. | ||
| 650 | 0 | |a Malay drama | |
| 999 | |a 1000028893 |b Book |c OPEN SHELF (30 DAYS) |e Gong Badak Campus | ||
| 999 | |a 1000028894 |b Book |c OPEN SHELF (30 DAYS) |e Gong Badak Campus | ||